On This Day: September 20th Quiz Stats

 Plays Quiz Updated Oct 12, 2017

Challenge
Share
Tweet
Embed
Score 0/7 Timer 03:00
0 Plays Today
Question Answer Wrong Answers
This film festival is held for the first time, having been delayed seven years due to World War II.
1946
Cannes Film Festival
85.2%
Sundance Film Festival
6.4%
Venice Film Festival
4.3%
Tribeca Film Festival
2%
The United States military ends this policy, allowing gay men and women to serve openly for the first time.
2011
Don't Ask, Don't Tell
84.8%
Closed-Door
6.9%
Don’t Speak Up
1.2%
Ask No Questions
4.1%
Billie Jean King beats this man in the ‘Battle of the Sexes’ tennis match at the Houston Astrodome.
1973
Bobby Riggs
78.4%
Rod Laver
5.2%
Jack Kramer
3.3%
John McEnroe
10.3%
The Indian Rebellion of 1857 ends with the recapture of Delhi by troops loyal to the ______ Company.
1857
East India
78%
South Sea
1.4%
West India
15.5%
Hudson's Bay
4.1%
In an address to a joint session of Congress and the American people, US President George W. Bush declares a ‘War on ______’.
2001
Terror
76.3%
Drugs
15.2%
Crime
1.3%
Poverty
4.2%
This American novelist and critic, known for his work, ‘The Jungle’, is born.
1878
Upton Sinclair
65.9%
Sinclair Lewis
20.5%
Jack London
6.8%
George Orwell
5.4%
The Treaty of Ryswick is signed by France, England, Spain, the Holy Roman Empire, and the Dutch Republic, ending this war.
1697
Nine Years' War
59.1%
First Barbary War
8.6%
War of the Third Coalition
11.2%
Austro-Prussian War
21.1%

Today's Daily Dose

Missing Word
Madam, I'm Adam

Quick Pick
Meat vs Animal

On This Day
October 21st II

You're not logged in!

Compare scores with friends on all Sporcle quizzes.
Join for Free
OR
Log In

You Might Also Like...

Show Comments

Extras

Top Quizzes Today


Score Distribution

Your Account Isn't Verified!

In order to create a playlist on Sporcle, you need to verify the email address you used during registration. Go to your Sporcle Settings to finish the process.

Report this User

Report this user for behavior that violates our Community Guidelines.

Details: